| 000 | 00664nam a2200181Ia 4500 | ||
|---|---|---|---|
| 008 | 100920s9999 xx 000 0 und d | ||
| 082 |
_b63325 _a61 थ 56 |
||
| 100 | _aसम्पादक-अश्क उपेन्द्रनाथ. | ||
| 245 | _aनये रंग-एकांकी. | ||
| 260 |
_bनीलाभ प्रकाशन, इलाहाबाद. _c1956 |
||
| 300 |
_a187 _bसाधी |
||
| 365 | _b3.25 | ||
| 520 | _aस्थानिक वाचन. | ||
| 630 | _aनये रंग-एकांकी. | ||
| 650 | _aस्थानिक वाचन. | ||
| 730 | _aनये रंग-एकांकी. | ||
| 942 | _cBOOK | ||
| 999 |
_c706405 _d706402 |
||